Hungarian journal of English and American studies : HJEAS.

Bibliographic Details
Previous Title:Hungarian studies in English
Corporate Author: Kossuth Lajos Tudományegyetem. Institute of English and American Studies
Format: Journal
Language:English
Published: Debrecen : Institute of English and American Studies, Lajos Kossuth University, 1995-
Subjects:
Online Availability: Check for online availability

MARC

Tag First Indicator Second Indicator Subfields
LEADER 00000cas a2200000 a 4500
001 in00002787908
005 20151202172147.0
006 m o d
007 cr bn||||||abp
007 cr bn||||||ada
008 100411c19959999hu fr poo 0 0eng c
010 |a  2012235293 
022 |l 1218-7364  |y 1218-7364 
035 |a (OCoLC)ocn606563913 
035 |a (OCoLC)606563913 
040 |a OCLCE  |b eng  |c OCLCE  |d OCLCQ  |d EYM  |d HUL  |d OCLCQ  |d TXA  |d UtOrBLW 
042 |a dlr  |a pcc 
049 |a TXAM 
050 4 |a PR1  |b .H54 
090 |a PE25  |b .A62 Electronic 
245 0 0 |a Hungarian journal of English and American studies :  |b HJEAS. 
246 3 0 |a HJEAS 
264 1 |a Debrecen :  |b Institute of English and American Studies, Lajos Kossuth University,  |c 1995- 
310 |a Semiannual 
336 |a text  |b txt  |2 rdacontent 
337 |a computer  |b c  |2 rdamedia 
338 |a online resource  |b cr  |2 rdacarrier 
362 1 |a Began with: Vol. 1, no. 1 (1995). 
506 |3 Use copy  |f Restrictions unspecified  |2 star  |5 MiAaHDL 
533 |a Electronic reproduction.  |b [S.l.] :  |c HathiTrust Digital Library,  |d 2010.  |5 MiAaHDL 
583 1 |a digitized  |c 2010  |h HathiTrust Digital Library  |l committed to preserve  |2 pda  |5 MiAaHDL 
588 |a Description based on: Vol. 1, no. 1 (1995); title from PDF cover (JSTOR, viewed May 18, 2012). 
588 |a Latest issue consulted: Vol. 13, no. 1/2 (spring/fall, 2007) (JSTOR, viewed May 18, 2012). 
500 |a Electronic resource. 
650 0 |a English literature  |x History and criticism  |v Periodicals. 
650 0 |a American literature  |x History and criticism  |v Periodicals. 
650 0 |a Criticism  |z Hungary  |v Periodicals. 
710 2 |a Kossuth Lajos Tudományegyetem.  |b Institute of English and American Studies. 
770 0 |t Studies in linguistics 
776 0 8 |i Print version:  |t HJEAS  |x 1218-7364  |w (DLC) 96640160  |w (OCoLC)35118587 
780 0 0 |t Hungarian studies in English  |w (DLC) 2012235294  |w (OCoLC)619698753 
948 |a cataloged  |b h  |c 2012/12/20  |d c  |e spoltoratski  |f 11:47:50 am  |g sc 
994 |a C0  |b TXA 
999 |a MARS 
999 f f |s 8a0de469-320b-3836-8b0a-216f25072f56  |i 242bd7c0-bdc4-37cc-aab7-237573c7db75  |t 0 
952 f f |a Texas A&M University  |b College Station  |c Electronic Resources  |d Available Online  |t 0  |e PE25 .A62  |g Electronic  |h Library of Congress classification 
998 f f |a PE25 .A62  |t 0  |l Available Online